000 04576nab a22007937 4500
003 AR-RoUNA
022 _a0327-9022
040 _aAR-RoUNA
_bspa
041 _aspa
044 _aag
245 _aSumma+ /
_bSustentabilidad - Upcycling - Infraestructura - Refugios - Filtros - Perfil: Ábalos+Sentkiewicz
260 _aBuenos Aires ,
_c1993
300 _a128 p. :
_bil. byn.
_bplanos
_c34 X25 cm.
505 0 _tINDICE
505 0 _t¨el consumo excesivo de recursos no se reducirá solo con intervenciones tecnológicas¨ Wilfred Wang
505 0 _aMartín Di Peco / Aproximaciones, estrategias, inicitivas y experimentos para arquitecturas menos insostenibles. p. 4
505 0 _tESA EXUBERANTE FÁBRICA DE NUBES
505 0 _aCarlos Arroyo arqs. / Odstcampus - Ayuntamiento y Centro Cívico en Odstkamp, Bélgica, 2012. p. 6
505 0 _tPAREDES BLANCAS PARA SOMBRAS AZULES
505 0 _aManuel Ocaña / Renovación del interior de la Estación de Benalúa para la nueva Sede de Casa Meditarráneo, Alicante, España, 2012. p. 17
505 0 _tDE ENCERRAR A INTEGRAR
505 0 _aHLPS Arqs. / Parque Cultural Valparaíso, Chile, 2011. p. 22
505 0 _tUNA PLAZA PALACIO
505 0 _aLacaton &´Vassal / Palais de Tokyo (Fase 2), Paris, Francia, 2012. p. 32
505 0 _aWilfredo Wang / Tiempo de cambiar de paradigma: el desafío ecológico para la arquitectura. p. 40
505 0 _tCILINDROS DE PUREZA INDISPENSABLE
505 0 _aWodmaa-Wodjen & Marques / Planta de tratamiento de aguas residuales, Porto Alegre, Brasil, 2013. p. 44
505 0 _tVUELOS DE ALTA TECNOLOGÍA NATURAL
505 0 _aPedro Pérez y asoc / Central Hidroeléctrica Guayacán, Chile, 2012. p. 50
505 0 _tPLANOS DE REVEGETACIÓN PAISAJÍSTA
505 0 _aEnric Batlle - Joan Rdig arqs. / Centro de tratamiento de residuos del Vallés Occidental, Barcelona, España, 2010. p. 56
505 0 _aFernando Diez / Holcim Forum, Mumbai 2013. p. 62
505 0 _tEDIFICIO TOPOGRÁFICO
505 0 _aÁbalos + Sentkiewcz arqs. / Estación intermodal, Parque urbano y cinco torres residenciales en Logroño, La Rioja, España, 2012. p. 70
505 0 _tMÁXIMA COMPACIDAD
505 0 _aÁbalos + Sentkiewcz arqs - Enguita & Lasso de la Vega / Atelier Albert Dehlen, Bühler, Suiza, 2009. p. 76
505 0 _tDISOLUCIÓN ATMOSFÉRICA
505 0 _aÁbalos + Sentkiewcz arqs / Fundació Antoni Tápes, Barcelona, España, 2010. p. 80
505 0 _aIñaki Ábalos / Somático - Grotesco. p. 84
505 0 _tCAMPAMENTO PARA SEDENTARIOS
505 0 _aCasey Brown / Campamento Permanente, New South Wales, Argentina, 2007. p. 87
505 0 _tDE CARA AL SOL
505 0 _aStudio Albordi / Casa Solare, Vens, Italia, 2010. p. 90
505 0 _tOCULTOS EN LA SELVA
505 0 _aEstudio Borrachia arqs. / Cabaña Torre, Misiones, Argentina, 2012. p. 94
505 0 _tPURA VIDA EN BAMBÚ
505 0 _aBenjamín García Sake / Un bosque para una admiradora de la luna, Costa Rica, 2010. p. 96
505 0 _tAndrea González / Fukushima: rescate urbano. p. 98
505 0 _tUNA SEGUNDA PIEL
505 0 _aKengo Kuma & Asoc / Tamagawa Takashimata S-C Marronnier Court. Alero Verde, Tokio, Japón, 2008. p. 102
505 0 _aSchineider Studer Primas Gmbh / Remodelación de departamentos para ciudadanos mayores en Dufdurstrasse, Zúrich, 2007. p. 104
505 0 _aElegant Embellishments / Fachada descontaminante de cuasicristal, México, 2013. p. 106
505 0 _aFernando Diez / Clorindo Testa (1923-2013). p. 108
505 0 _aMercedes Peralta / Fabricación y presentación: medios digitales para próximas arquitecturas. p. 112
505 0 _tEL DETRÁS DE ESCENA: Frankfurt, Alemania, 2013
505 0 _tLECTURAS EN CÓDIGO AMERICANO
505 0 _aIgnacio Ros de Olano / Acrópolis de Atenas en papel. p. 117
505 0 _aRafael. E.J. Iglesia, Sandra Rua / Las ciudades y sus marcas. p. 118
505 0 _aRuth Verde Zein / Las apariencias engañan, o revelan. p. 120
505 0 _aRoberto Fernández / Materialismo en Tanganica. p. 125
505 0 _aMario Sabugo / Edward Gibbon. p. 126
505 0 _aCarlos Gustavo Giménez / Polémicas disciplinares: esquicios y concursos de encierro en la Escuela de Arquitectura de Buenos Aires. p. 128
650 _aArquitectura contemporánea
773 0 _aSumma+
_dBuenos Aires, Argentina
_gNº131 (sep-2013), p. 128
_x0327-9022
908 _aImp
942 _2udc
_cART
945 _aMBP
_d2022-07-08
980 _8138
_gCarolina Rainero
_6138
_aCarolina Rainero
999 _c12277
_d12277